<?xml version="1.0" encoding="UTF-8"?>
<record
    xmlns:xsi="http://www.w3.org/2001/XMLSchema-instance"
    xsi:schemaLocation="http://www.loc.gov/MARC21/slim http://www.loc.gov/standards/marcxml/schema/MARC21slim.xsd"
    xmlns="http://www.loc.gov/MARC21/slim">

  <leader>01465cam a22002651  4500</leader>
  <controlfield tag="001">gs 27000085 </controlfield>
  <controlfield tag="003">DLC</controlfield>
  <controlfield tag="005">20260227111331.0</controlfield>
  <controlfield tag="008">911112s1926    ag bf         000 0 spa c</controlfield>
  <datafield tag="010" ind1=" " ind2=" ">
    <subfield code="a">gs 27000085 </subfield>
  </datafield>
  <datafield tag="035" ind1=" " ind2=" ">
    <subfield code="a">(OCoLC)24767036</subfield>
  </datafield>
  <datafield tag="040" ind1=" " ind2=" ">
    <subfield code="a">U. S. Geol. Survey. Libr.</subfield>
    <subfield code="c">TxU</subfield>
    <subfield code="d">TxU</subfield>
    <subfield code="d">DLC</subfield>
  </datafield>
  <datafield tag="042" ind1=" " ind2=" ">
    <subfield code="a">premarc</subfield>
  </datafield>
  <datafield tag="050" ind1="0" ind2="0">
    <subfield code="a">QE231</subfield>
    <subfield code="b">.A35 no. 25-26</subfield>
  </datafield>
  <datafield tag="100" ind1="1" ind2=" ">
    <subfield code="a">Gr&#xF6;ber, Paul,</subfield>
    <subfield code="d">1885-</subfield>
  </datafield>
  <datafield tag="245" ind1="0" ind2="0">
    <subfield code="a">Condiciones geol&#xF3;gicas de la quebrada de Ull&#xFA;n en relaci&#xF3;n con un proyectado dique de embalse (provincia de San Juan)</subfield>
    <subfield code="c">Por Pablo Groeber y Augusto Tapia ...</subfield>
  </datafield>
  <datafield tag="260" ind1=" " ind2=" ">
    <subfield code="a">Buenos Aires,</subfield>
    <subfield code="b">Talleres gr&#xE1;ficos del Ministerio de agricultura de la naci&#xF3;n,</subfield>
    <subfield code="c">1926.</subfield>
  </datafield>
  <datafield tag="300" ind1=" " ind2=" ">
    <subfield code="a">25 p.</subfield>
    <subfield code="b">16 pl. (part fold.; incl. col. map, col. profile)</subfield>
    <subfield code="c">27 cm.</subfield>
  </datafield>
  <datafield tag="490" ind1="1" ind2=" ">
    <subfield code="a">[Argentine Republic] Direcci&#xF3;n general de minas, geolog&#xED;a e hidrolog&#xED;a. Publicaci&#xF3;n</subfield>
    <subfield code="v">no. 25 y 26</subfield>
  </datafield>
  <datafield tag="500" ind1=" " ind2=" ">
    <subfield code="a">At head of title: Rep&#xFA;blica argentina. Ministerio de agricultura de la naci&#xF3;n.</subfield>
  </datafield>
  <datafield tag="505" ind1="0" ind2=" ">
    <subfield code="a">No. 25. Sobre las condiciones geol&#xF3;gicas reinantes en la regi&#xF3;n del proyectado dique de la quebrada de Ull&#xFA;n (provincia de San Juan) por Pablo Groeber.--no. 26. Condiciones geol&#xF3;gicas de la quebrada de Ull&#xFA;n en relaci&#xF3;n con un dique de embalse (provincia de San Juan) por Augusto Tapia.</subfield>
  </datafield>
  <datafield tag="650" ind1=" " ind2="0">
    <subfield code="a">Geology</subfield>
    <subfield code="z">Argentina</subfield>
    <subfield code="z">San Juan (Province)</subfield>
  </datafield>
  <datafield tag="700" ind1="1" ind2=" ">
    <subfield code="a">Tapia, Augusto.</subfield>
  </datafield>
  <datafield tag="810" ind1="1" ind2=" ">
    <subfield code="a">Argentina.</subfield>
    <subfield code="b">Direcci&#xF3;n General de Minas y Geolog&#xED;a.</subfield>
    <subfield code="t">Publicaci&#xF3;n ;</subfield>
    <subfield code="v">no. 25 y 26.</subfield>
  </datafield>
  <datafield tag="999" ind1=" " ind2=" ">
    <subfield code="c">26548</subfield>
    <subfield code="d">26548</subfield>
  </datafield>
</record>
